[Event "Titled Tuesday 2021.02.02"]
[Site "Chess.com INT"]
[Date "2021.02.02"]
[Round "7"]
[White "Golubka, Petro"]
[Black "Fier, Alexandr"]
[Result "1-0"]
[WhiteElo "2471"]
[BlackElo "2553"]
[WhiteFideId "-1"]
[BlackFideId "-1"]
[PlyCount "123"]
[GameId "1613714573135872"]
[EventDate "2021.02.02"]
[EventType "swiss (blitz)"]
[EventRounds "11"]
[EventCountry "NET"]
[SourceTitle "CBM 200 Extra"]
[Source "ChessBase"]
[SourceDate "2021.03.31"]
[SourceVersion "1"]
[SourceVersionDate "2021.03.31"]
[SourceQuality "1"]

1. e4 c5 2. Nf3 e6 3. c4 Nc6 4. Nc3 Nge7 5. Be2 Nd4 6. O-O Nec6 7. d3 g6 8. Rb1 Bg7 9. Be3 d6 10. a3 a5 11. Nb5 Nxf3+ 12. Bxf3 a4 13. d4 cxd4 14. Nxd4 O-O 15. Nb5 Be5 16. Be2 g5 17. Qd2 f6 18. g3 g4 19. Bxg4 f5 20. exf5 exf5 21. Bf3 Kh8 22. Rfd1 Qf6 23. Bf4 Be6 24. Nxd6 Rad8 25. c5 Nd4 26. Bxb7 Bxf4 27. Qxd4 Be5 28. Qxa4 f4 29. Qc2 fxg3 30. fxg3 Bd4+ 31. Kh1 Qg7 32. Be4 Rf2 33. Rd2 Rdf8 34. Rbd1 Qh6 35. Bg2 Bd5 36. Ne4 Rxd2 37. Qxd2 Qxd2 38. Rxd2 Bxe4 39. Bxe4 Bxc5 40. Kg2 Re8 41. Bf3 Re3 42. Rc2 Bd4 43. Bd5 Re5 44. Bc4 Re1 45. Kf3 Kg7 46. b3 Ra1 47. a4 Kf6 48. Ke4 Bc5 49. Kd5 Bg1 50. Rg2 Ke7 51. Kc6 Kd8 52. a5 Kc8 53. a6 Kb8 54. b4 Rc1 55. Kb5 Ka7 56. Re2 h5 57. Re7+ Kb8 58. Bd5 Bd4 59. Rb7+ Kc8 60. a7 Ra1 61. Rb8+ Kc7 62. a8=Q 1-0

[Event "Titled Tuesday 2021.02.02"]
[Site "Chess.com INT"]
[Date "2021.02.02"]
[Round "9"]
[White "Golubka, Petro"]
[Black "Eljanov, Pavel"]
[Result "1-0"]
[WhiteElo "2471"]
[BlackElo "2672"]
[WhiteFideId "-1"]
[BlackFideId "-1"]
[PlyCount "89"]
[GameId "1613714574602240"]
[EventDate "2021.02.02"]
[EventType "swiss (blitz)"]
[EventRounds "11"]
[EventCountry "NET"]
[SourceTitle "CBM 200 Extra"]
[Source "ChessBase"]
[SourceDate "2021.03.31"]
[SourceVersion "1"]
[SourceVersionDate "2021.03.31"]
[SourceQuality "1"]

1. e4 c6 2. d4 d5 3. e5 Bf5 4. Nc3 e6 5. g4 Bg6 6. Nge2 c5 7. Be3 cxd4 8. Nxd4 Nc6 9. Bb5 Nge7 10. f4 a6 11. Be2 Nxd4 12. Bxd4 Nc6 13. h4 Be4 14. Nxe4 dxe4 15. Be3 Qa5+ 16. c3 Bc5 17. b4 Nxb4 18. cxb4 Qxb4+ 19. Qd2 Qxd2+ 20. Bxd2 O-O 21. Rc1 Rac8 22. Rh3 Rfd8 23. Rb3 b5 24. Be3 Bxe3 25. Rxc8 Rxc8 26. Rxe3 Rc1+ 27. Kf2 g6 28. Ra3 Rh1 29. Rxa6 Rxh4 30. Rb6 Rh3 31. Rxb5 Ra3 32. Rb2 Kg7 33. Kg2 h6 34. Bc4 Rc3 35. Bb3 g5 36. fxg5 hxg5 37. Re2 e3 38. Kf3 Kg6 39. Rxe3 Rc1 40. Re2 Rf1+ 41. Kg3 Rf4 42. Bc2+ Kg7 43. Be4 f6 44. exf6+ Kxf6 45. Rf2 1-0

[Event "Titled Tuesday 2021.02.02"]
[Site "Chess.com INT"]
[Date "2021.02.02"]
[Round "10"]
[White "Bluebaum, Matthias"]
[Black "Golubka, Petro"]
[Result "0-1"]
[WhiteElo "2670"]
[BlackElo "2471"]
[WhiteFideId "-1"]
[BlackFideId "-1"]
[PlyCount "136"]
[GameId "1613714575740928"]
[EventDate "2021.02.02"]
[EventType "swiss (blitz)"]
[EventRounds "11"]
[EventCountry "NET"]
[SourceTitle "CBM 200 Extra"]
[Source "ChessBase"]
[SourceDate "2021.03.31"]
[SourceVersion "1"]
[SourceVersionDate "2021.03.31"]
[SourceQuality "1"]

1. d4 Nf6 2. Nc3 d5 3. Bf4 c6 4. e3 Bf5 5. Nf3 Nbd7 6. Ne5 h6 7. g4 Bh7 8. h4 Nxe5 9. dxe5 Ne4 10. Nxe4 Bxe4 11. f3 Bh7 12. e6 Qc8 13. exf7+ Kxf7 14. g5 h5 15. Bd3 Bxd3 16. Qxd3 Qe6 17. O-O-O g6 18. e4 Rd8 19. Rhe1 d4 20. Kb1 Bg7 21. Bc1 c5 22. f4 c4 23. Qf3 Qg4 24. Qf1 b5 25. f5 Be5 26. Rd2 Rhf8 27. Rf2 Kg7 28. Bf4 Bxf4 29. Rxf4 Qg3 30. f6+ exf6 31. gxf6+ Kh7 32. e5 d3 33. cxd3 cxd3 34. Rf3 Qxh4 35. Rd1 Qe4 36. Rfxd3 Rf7 37. e6 Rxd3 38. Rxd3 Qxe6 39. Rf3 Qe4+ 40. Ka1 a6 41. a3 a5 42. Rf4 Qe5 43. Rf2 b4 44. a4 b3 45. Rf3 Qd4 46. Rxb3 Qxa4+ 47. Ra3 Qd4 48. Rf3 a4 49. Qe2 a3 50. Rxa3 Qxf6 51. Ka2 Qf5 52. Qc4 Rd7 53. Qc3 Qf7+ 54. Qb3 Kh6 55. Qxf7 Rxf7 56. b4 h4 57. Kb3 Rf3+ 58. Ka4 Rxa3+ 59. Kxa3 h3 60. b5 h2 61. Kb4 h1=Q 62. Kc5 Qb7 63. b6 g5 64. Kd6 g4 65. Ke5 g3 66. Kf4 g2 67. Kg3 g1=R+ 68. Kh4 Rb1 0-1

[Event "Titled Tuesday 2021.02.02"]
[Site "Chess.com INT"]
[Date "2021.02.02"]
[Round "11"]
[White "Sjugirov, Sanan"]
[Black "Golubka, Petro"]
[Result "1-0"]
[WhiteElo "2663"]
[BlackElo "2471"]
[WhiteFideId "-1"]
[BlackFideId "-1"]
[PlyCount "51"]
[GameId "1613714575892480"]
[EventDate "2021.02.02"]
[EventType "swiss (blitz)"]
[EventRounds "11"]
[EventCountry "NET"]
[SourceTitle "CBM 200 Extra"]
[Source "ChessBase"]
[SourceDate "2021.03.31"]
[SourceVersion "1"]
[SourceVersionDate "2021.03.31"]
[SourceQuality "1"]

1. e4 c5 2. Nc3 d6 3. f4 a6 4. Nf3 e6 5. g3 Nc6 6. Bg2 Be7 7. O-O Nf6 8. d3 O-O 9. h3 b5 10. g4 Bb7 11. Ne2 d5 12. e5 Nd7 13. Ng3 d4 14. Qe2 Qc7 15. Bd2 Kh8 16. h4 f6 17. exf6 Nxf6 18. Ng5 Nd8 19. Rae1 Bd6 20. Bxb7 Qxb7 21. N3e4 Qd5 22. Nxf6 Rxf6 23. Qe4 Qxe4 24. Nxe4 Be7 25. Nxf6 gxf6 26. Ba5 1-0

[Event "Titled Tuesday 2021.01.26"]
[Site "Chess.com INT"]
[Date "2021.01.26"]
[Round "1"]
[White "Barrionuevo, Pablo"]
[Black "Golubka, Petro"]
[Result "0-1"]
[WhiteElo "2259"]
[BlackElo "2471"]
[WhiteFideId "-1"]
[BlackFideId "-1"]
[PlyCount "52"]
[GameId "1611127016742912"]
[EventDate "2021.01.26"]
[EventType "swiss (blitz)"]
[EventRounds "11"]
[EventCountry "NET"]
[SourceTitle "CBM 200 Extra"]
[Source "ChessBase"]
[SourceDate "2021.03.31"]
[SourceVersion "1"]
[SourceVersionDate "2021.03.31"]
[SourceQuality "1"]

1. d4 d5 2. c4 c6 3. Nf3 Nf6 4. Nc3 e6 5. Bg5 dxc4 6. e4 b5 7. e5 h6 8. Bh4 g5 9. Nxg5 hxg5 10. Bxg5 Nbd7 11. exf6 Bb7 12. g3 Qb6 13. Bg2 c5 14. d5 O-O-O 15. O-O Ne5 16. Qe2 Nd3 17. dxe6 Bxg2 18. Kxg2 fxe6 19. Rad1 Qc6+ 20. Kg1 b4 21. Ne4 Rd4 22. f3 Qd5 23. Be3 Rxe4 24. fxe4 Qxe4 25. b3 Bh6 26. Rf3 Ne5 0-1

[Event "Titled Tuesday 2021.01.26"]
[Site "Chess.com INT"]
[Date "2021.01.26"]
[Round "2"]
[White "Golubka, Petro"]
[Black "Colijn, Stefan"]
[Result "1-0"]
[WhiteElo "2471"]
[BlackElo "2286"]
[WhiteFideId "-1"]
[BlackFideId "-1"]
[PlyCount "67"]
[GameId "1611127018143744"]
[EventDate "2021.01.26"]
[EventType "swiss (blitz)"]
[EventRounds "11"]
[EventCountry "NET"]
[SourceTitle "CBM 200 Extra"]
[Source "ChessBase"]
[SourceDate "2021.03.31"]
[SourceVersion "1"]
[SourceVersionDate "2021.03.31"]
[SourceQuality "1"]

1. b3 e5 2. Bb2 Nc6 3. g3 Nf6 4. Bg2 d5 5. e3 h5 6. h3 a5 7. a3 Bc5 8. Ne2 Bf5 9. d3 Qd7 10. Nd2 d4 11. e4 Be6 12. f4 g6 13. Nf3 exf4 14. gxf4 O-O-O 15. Qd2 h4 16. b4 Bb6 17. b5 Na7 18. a4 c5 19. c3 c4 20. Nexd4 cxd3 21. Qxd3 Rhe8 22. O-O-O Bb3 23. Ne5 Qc7 24. c4 Bxd1 25. Rxd1 Bc5 26. Qc3 Nh5 27. Qf3 Qb6 28. Qg4+ Kc7 29. Nc2 Be3+ 30. Kb1 Rxd1+ 31. Qxd1 Nxf4 32. Qd7+ Kb8 33. Qxe8+ Nc8 34. Nd7+ 1-0

[Event "Titled Tuesday 2021.01.26"]
[Site "Chess.com INT"]
[Date "2021.01.26"]
[Round "3"]
[White "Golubka, Petro"]
[Black "Tabatabaei, Mohammad Amin"]
[Result "0-1"]
[WhiteElo "2471"]
[BlackElo "2629"]
[WhiteFideId "-1"]
[BlackFideId "-1"]
[PlyCount "146"]
[GameId "1611127019905024"]
[EventDate "2021.01.26"]
[EventType "swiss (blitz)"]
[EventRounds "11"]
[EventCountry "NET"]
[SourceTitle "CBM 200 Extra"]
[Source "ChessBase"]
[SourceDate "2021.03.31"]
[SourceVersion "1"]
[SourceVersionDate "2021.03.31"]
[SourceQuality "1"]

1. b3 Nf6 2. Bb2 g6 3. Bxf6 exf6 4. c4 d5 5. cxd5 Qxd5 6. Nc3 Qa5 7. e3 c5 8. Bb5+ Nd7 9. Nf3 a6 10. Bc4 Bg7 11. O-O O-O 12. a4 f5 13. Qc2 Nb6 14. Rab1 Bd7 15. Rfc1 Nxc4 16. bxc4 Bc6 17. Nd5 Rfe8 18. d4 cxd4 19. exd4 Bxd5 20. cxd5 Qxd5 21. Qb3 Qxb3 22. Rxb3 Rac8 23. Rcb1 Rc4 24. Rxb7 Rxa4 25. Rd7 Bf6 26. h3 Re7 27. Rd6 Re6 28. Rd7 Kf8 29. Rbb7 Re7 30. Rb8+ Kg7 31. Rxe7 Bxe7 32. Rb7 Ra1+ 33. Kh2 Bd6+ 34. g3 Ra2 35. Kg2 h6 36. Rb6 Bc7 37. Rb7 Ba5 38. Ne5 Be1 39. Nd3 Bc3 40. Rd7 Rd2 41. Nc5 Kf6 42. Kf1 Bxd4 43. Nb3 Rxf2+ 44. Ke1 Rf3 45. Nxd4 Rxg3 46. h4 Rh3 47. Ra7 Rxh4 48. Rxa6+ Kg7 49. Nf3 Re4+ 50. Kf2 g5 51. Ra5 Kg6 52. Ra6+ f6 53. Nd2 Rf4+ 54. Ke3 Rb4 55. Nf3 Rb3+ 56. Ke2 Rb2+ 57. Ke3 g4 58. Nd4 Rb8 59. Ra5 Re8+ 60. Kf2 Re5 61. Ra4 f4 62. Ne2 g3+ 63. Kf3 Re3+ 64. Kxf4 Rxe2 65. Kxg3 h5 66. Ra5 Re5 67. Ra6 Re3+ 68. Kf4 Rb3 69. Ra8 Rb4+ 70. Kf3 Kf5 71. Kg3 Rg4+ 72. Kh3 Kg5 73. Ra5+ f5 0-1

[Event "Titled Tuesday 2021.01.26"]
[Site "Chess.com INT"]
[Date "2021.01.26"]
[Round "4"]
[White "Vitenberg, Noam Aviv"]
[Black "Golubka, Petro"]
[Result "0-1"]
[WhiteElo "2320"]
[BlackElo "2471"]
[WhiteFideId "-1"]
[BlackFideId "-1"]
[PlyCount "138"]
[GameId "1611127020953600"]
[EventDate "2021.01.26"]
[EventType "swiss (blitz)"]
[EventRounds "11"]
[EventCountry "NET"]
[SourceTitle "CBM 200 Extra"]
[Source "ChessBase"]
[SourceDate "2021.03.31"]
[SourceVersion "1"]
[SourceVersionDate "2021.03.31"]
[SourceQuality "1"]

1. Nf3 Nf6 2. b3 b6 3. Bb2 Bb7 4. g3 Bxf3 5. exf3 e6 6. Bg2 Be7 7. O-O O-O 8. f4 c6 9. c4 d5 10. Nc3 Na6 11. d3 Rc8 12. Rc1 g6 13. Re1 Nd7 14. cxd5 cxd5 15. Nxd5 Bd6 16. Nf6+ Nxf6 17. Rxc8 Qxc8 18. Bxf6 Nb4 19. Re4 Nd5 20. Rc4 Nxf6 21. Rxc8 Rxc8 22. d4 Ba3 23. Qd3 Rc1+ 24. Bf1 Rc7 25. h3 Nd5 26. Bg2 Nf6 27. Qb5 Bb2 28. Qe5 Ne8 29. Kh2 h5 30. Qb5 Nf6 31. d5 exd5 32. f5 g5 33. Qb4 Bc3 34. Qd6 Rd7 35. Qc6 Bb2 36. Qc8+ Kg7 37. Qc2 Be5 38. Qd2 Nh7 39. Qe3 Bf6 40. Bf1 d4 41. Qd3 Nf8 42. Be2 h4 43. gxh4 gxh4 44. Qf3 Be5+ 45. Kg2 Nh7 46. Qg4+ Kf8 47. Qxh4 Nf6 48. Qh6+ Ke7 49. Bb5 Rd5 50. Bc4 Rd7 51. Qh8 Kd6 52. Qa8 Kc5 53. Qf3 a5 54. a3 b5 55. Be2 Nd5 56. Qe4 Nf4+ 57. Kf3 f6 58. Qa8 d3 59. Bd1 Rc7 60. Qf8+ Kd4 61. Qd8+ Kc3 62. b4 axb4 63. axb4 Kd2 64. Bb3 Rc3 65. Qg8 Kc1 66. Ke4 Kb2 67. Bd1 d2 68. Qf7 Kc1 69. Bf3 Rxf3 0-1

[Event "Titled Tuesday 2021.01.26"]
[Site "Chess.com INT"]
[Date "2021.01.26"]
[Round "5"]
[White "Romanchuk, Viktor"]
[Black "Golubka, Petro"]
[Result "1/2-1/2"]
[WhiteElo "2258"]
[BlackElo "2471"]
[WhiteFideId "-1"]
[BlackFideId "-1"]
[PlyCount "144"]
[GameId "1611127021858816"]
[EventDate "2021.01.26"]
[EventType "swiss (blitz)"]
[EventRounds "11"]
[EventCountry "NET"]
[SourceTitle "CBM 200 Extra"]
[Source "ChessBase"]
[SourceDate "2021.03.31"]
[SourceVersion "1"]
[SourceVersionDate "2021.03.31"]
[SourceQuality "1"]

1. d4 d5 2. c4 c6 3. Nc3 Nf6 4. e3 e6 5. Nf3 Nbd7 6. Qc2 Bd6 7. b3 O-O 8. Bb2 b6 9. Be2 Bb7 10. O-O Qe7 11. Rad1 Ba3 12. Ba1 Bb4 13. h3 Rac8 14. Qb1 Rfd8 15. Rc1 h6 16. Rfd1 Qf8 17. Bb2 a5 18. cxd5 exd5 19. Na4 Bd6 20. Ne5 b5 21. Nxd7 Nxd7 22. Nc3 Nb6 23. Bf3 f5 24. Ne2 Nd7 25. Nf4 Bxf4 26. exf4 g6 27. Re1 Qf7 28. Re3 Re8 29. Rce1 Nf6 30. Rxe8+ Rxe8 31. Re5 Nd7 32. Re1 Nf6 33. Re5 Nd7 34. Re1 Kg7 35. Qc1 Kf8 36. Qd2 Rxe1+ 37. Qxe1 b4 38. a3 Qe7 39. Qxe7+ Kxe7 40. axb4 axb4 41. Bc1 c5 42. Bd2 Kd6 43. Kf1 Ba6+ 44. Ke1 Nb8 45. Kd1 Nc6 46. dxc5+ Kxc5 47. Be3+ Kd6 48. Bb6 Bd3 49. Kd2 Be4 50. Bxe4 fxe4 51. Ke3 Ke6 52. g4 h5 53. f3 exf3 54. Kxf3 hxg4+ 55. hxg4 Kf6 56. Ke3 Ke6 57. Kf3 Kd6 58. Ke3 Kd7 59. Kf3 Kc8 60. Ke3 Kb7 61. Bc5 Ka6 62. f5 gxf5 63. gxf5 Kb5 64. Bd6 Nd8 65. Kd4 Kc6 66. Bxb4 Nf7 67. Be7 Kd7 68. f6 Kc6 69. b4 Nh6 70. b5+ Kxb5 71. Kxd5 Ng8 72. Ke6 Nxf6 1/2-1/2

[Event "Titled Tuesday 2021.01.26"]
[Site "Chess.com INT"]
[Date "2021.01.26"]
[Round "6"]
[White "Golubka, Petro"]
[Black "Ozates, Tuna"]
[Result "1-0"]
[WhiteElo "2471"]
[BlackElo "2217"]
[WhiteFideId "-1"]
[BlackFideId "-1"]
[PlyCount "112"]
[GameId "1611127022669824"]
[EventDate "2021.01.26"]
[EventType "swiss (blitz)"]
[EventRounds "11"]
[EventCountry "NET"]
[SourceTitle "CBM 200 Extra"]
[Source "ChessBase"]
[SourceDate "2021.03.31"]
[SourceVersion "1"]
[SourceVersionDate "2021.03.31"]
[SourceQuality "1"]

1. b3 c5 2. Bb2 Nc6 3. c4 d6 4. Nf3 e5 5. g3 g6 6. Bg2 Bg7 7. d3 Nge7 8. Qc1 O-O 9. O-O h6 10. Nbd2 Be6 11. a3 Qd7 12. Bc3 Bh3 13. b4 Bxg2 14. Kxg2 f5 15. Rb1 b6 16. b5 Nd4 17. Re1 g5 18. e3 Nxf3 19. Nxf3 f4 20. exf4 gxf4 21. Nd2 fxg3 22. fxg3 Ng6 23. Qd1 Qf5 24. Ne4 Rad8 25. Rf1 Qe6 26. Rxf8+ Rxf8 27. h4 Ne7 28. Qe2 Nf5 29. Rf1 Qg6 30. Kh2 h5 31. Rf3 Nh6 32. Rxf8+ Bxf8 33. Bd2 Ng4+ 34. Kg2 Kf7 35. Qf3+ Nf6 36. Bg5 Be7 37. Bxf6 Bxf6 38. Nxd6+ Kg8 39. Qd5+ Kh7 40. Qe4 Qxe4+ 41. Nxe4 Kg6 42. Kf3 Kf5 43. Nxf6 Kxf6 44. g4 hxg4+ 45. Kxg4 Kg6 46. h5+ Kf6 47. Kh4 Kf5 48. h6 Kg6 49. Kg4 Kxh6 50. Kf5 Kg7 51. Kxe5 Kf7 52. Kd6 Ke8 53. Kc7 Ke7 54. Kb7 Kd6 55. Kxa7 Ke5 56. Kxb6 Kd4 1-0

[Event "Titled Tuesday 2021.01.26"]
[Site "Chess.com INT"]
[Date "2021.01.26"]
[Round "7"]
[White "Golubka, Petro"]
[Black "Bluebaum, Matthias"]
[Result "0-1"]
[WhiteElo "2471"]
[BlackElo "2670"]
[WhiteFideId "-1"]
[BlackFideId "-1"]
[PlyCount "78"]
[GameId "1611127023202304"]
[EventDate "2021.01.26"]
[EventType "swiss (blitz)"]
[EventRounds "11"]
[EventCountry "NET"]
[SourceTitle "CBM 200 Extra"]
[Source "ChessBase"]
[SourceDate "2021.03.31"]
[SourceVersion "1"]
[SourceVersionDate "2021.03.31"]
[SourceQuality "1"]

1. b3 d5 2. Bb2 Bf5 3. Nf3 e6 4. d3 Nf6 5. Nbd2 h6 6. g3 Be7 7. Bg2 O-O 8. O-O a5 9. a3 Bh7 10. Re1 c6 11. h3 Nbd7 12. e4 Qc7 13. Qe2 Rfd8 14. Red1 a4 15. b4 c5 16. exd5 Nxd5 17. c4 N5f6 18. b5 Nf8 19. Ne1 Rd7 20. Be5 Qb6 21. Rab1 Rad8 22. Nf1 Ne8 23. h4 Bf6 24. Bf4 Ng6 25. Be3 Ne7 26. Be4 Nd6 27. Bxh7+ Kxh7 28. Nf3 Ndf5 29. N1h2 Bd4 30. Kg2 Bxe3 31. fxe3 Qc7 32. Nf1 Ng6 33. b6 Qd6 34. d4 cxd4 35. Nxd4 Qxa3 36. Nxf5 exf5 37. Rxd7 Rxd7 38. Qf3 Qd3 39. c5 Qxb1 0-1

[Event "Titled Tuesday 2021.01.26"]
[Site "Chess.com INT"]
[Date "2021.01.26"]
[Round "8"]
[White "Vovk, Orest"]
[Black "Golubka, Petro"]
[Result "1-0"]
[WhiteElo "2315"]
[BlackElo "2471"]
[WhiteFideId "-1"]
[BlackFideId "-1"]
[PlyCount "131"]
[GameId "1611127024762880"]
[EventDate "2021.01.26"]
[EventType "swiss (blitz)"]
[EventRounds "11"]
[EventCountry "NET"]
[SourceTitle "CBM 200 Extra"]
[Source "ChessBase"]
[SourceDate "2021.03.31"]
[SourceVersion "1"]
[SourceVersionDate "2021.03.31"]
[SourceQuality "1"]

1. e4 b6 2. g3 Bb7 3. Bg2 f5 4. d3 fxe4 5. dxe4 e6 6. Ne2 Nc6 7. O-O Be7 8. Nbc3 Bf6 9. Be3 Nge7 10. Qd2 O-O 11. Rad1 d6 12. Nf4 Bc8 13. Nh5 Bxc3 14. Qxc3 e5 15. f4 Bg4 16. Bf3 Bxf3 17. Rxf3 Qe8 18. g4 Qg6 19. h3 Qxe4 20. Rdf1 Qd5 21. f5 Rf7 22. f6 Ng6 23. Nxg7 Nh4 24. R3f2 Raf8 25. Bg5 Ng6 26. Nf5 Kh8 27. Nh6 Nd4 28. Nxf7+ Rxf7 29. Qd3 Qc6 30. c3 Ne6 31. Qf5 Qe8 32. h4 a5 33. h5 Ngf8 34. Bh6 Kg8 35. g5 Nd7 36. g6 hxg6 37. Qxg6+ Kh8 38. Bg5 Ndf8 39. Qf5 Nh7 40. Bh4 Nf4 41. Rxf4 exf4 42. Rxf4 Qe3+ 43. Kg2 Qe2+ 44. Rf2 Qe8 45. Kh2 Qf8 46. Qf4 Qe8 47. Rf3 Qe2+ 48. Rf2 Qe8 49. a3 Nf8 50. Qg3 Rh7 51. Rg2 Qe5 52. Qxe5 dxe5 53. Rg5 Nd7 54. Rf5 Rf7 55. Kg3 Kh7 56. Kg4 Kh6 57. Bf2 Nxf6+ 58. Kh4 Rf8 59. Be3+ Kg7 60. Rxe5 Kf7 61. Rf5 Ke6 62. Rf2 Rh8 63. h6 Nd5 64. Bg5 a4 65. c4 Ne7 66. Re2+ 1-0

[Event "Titled Tuesday 2021.01.26"]
[Site "Chess.com INT"]
[Date "2021.01.26"]
[Round "9"]
[White "Golubka, Petro"]
[Black "Eynullayev, Atilla Elshan"]
[Result "0-1"]
[WhiteElo "2471"]
[BlackElo "2347"]
[WhiteFideId "-1"]
[BlackFideId "-1"]
[PlyCount "128"]
[GameId "1611127025475584"]
[EventDate "2021.01.26"]
[EventType "swiss (blitz)"]
[EventRounds "11"]
[EventCountry "NET"]
[SourceTitle "CBM 200 Extra"]
[Source "ChessBase"]
[SourceDate "2021.03.31"]
[SourceVersion "1"]
[SourceVersionDate "2021.03.31"]
[SourceQuality "1"]

1. b3 Nf6 2. Bb2 g6 3. g3 Bg7 4. Bg2 O-O 5. Nf3 d5 6. O-O c5 7. e3 Nc6 8. d3 Qc7 9. Nbd2 e5 10. h3 b6 11. a3 Bb7 12. c4 d4 13. e4 Nd7 14. h4 Ne7 15. h5 f5 16. hxg6 hxg6 17. Ng5 Qd6 18. exf5 Bxg2 19. Kxg2 gxf5 20. Qh5 Qg6 21. Qxg6 Nxg6 22. b4 Bh6 23. Ndf3 Rae8 24. Rae1 Nf6 25. Rh1 Kg7 26. Bc1 Rh8 27. Nh4 Nxh4+ 28. Rxh4 Kg6 29. Reh1 Bxg5 30. Bxg5 Rxh4 31. Bxh4 e4 32. Bxf6 Kxf6 33. bxc5 bxc5 34. Re1 Ke5 35. Rb1 Re7 36. Rb3 Kd6 37. Kf1 Kc6 38. Ke2 Rh7 39. Rb8 Rh1 40. Rf8 Ra1 41. Rf6+ Kd7 42. Rxf5 Ra2+ 43. Ke1 exd3 44. Rxc5 Rxa3 45. Rd5+ Kc6 46. Rxd4 Kc5 47. Re4 a5 48. Kd2 Rb3 49. Re5+ Kb4 50. Rb5+ Kxc4 51. Rxa5 Rb2+ 52. Ke3 Re2+ 53. Kf3 Re7 54. Ra1 d2 55. Rd1 Kd3 56. g4 Rf7+ 57. Kg3 Ke2 58. Rxd2+ Kxd2 59. g5 Kd3 60. Kg4 Ke4 61. g6 Rxf2 62. Kg5 Ke5 63. g7 Rg2+ 64. Kh6 Kf6 0-1

[Event "Titled Tuesday 2021.01.26"]
[Site "Chess.com INT"]
[Date "2021.01.26"]
[Round "10"]
[White "Urjubdshzirov, Erdni"]
[Black "Golubka, Petro"]
[Result "1-0"]
[WhiteElo "2295"]
[BlackElo "2471"]
[WhiteFideId "-1"]
[BlackFideId "-1"]
[PlyCount "89"]
[GameId "1611127026163712"]
[EventDate "2021.01.26"]
[EventType "swiss (blitz)"]
[EventRounds "11"]
[EventCountry "NET"]
[SourceTitle "CBM 200 Extra"]
[Source "ChessBase"]
[SourceDate "2021.03.31"]
[SourceVersion "1"]
[SourceVersionDate "2021.03.31"]
[SourceQuality "1"]

1. e4 b6 2. Nf3 Bb7 3. Nc3 e6 4. Be2 Bb4 5. e5 Ne7 6. O-O O-O 7. Re1 Ng6 8. Bf1 Bxf3 9. Qxf3 Nc6 10. a3 Ncxe5 11. Qe4 Be7 12. d4 d5 13. Qe2 Nc6 14. Be3 Bf6 15. Rad1 Na5 16. Bc1 Nc6 17. Be3 a6 18. Qf3 Nh4 19. Qg4 Nf5 20. Ne2 g6 21. c3 Na5 22. Ng3 Nxe3 23. fxe3 Bg7 24. e4 c6 25. b4 Nb7 26. e5 a5 27. b5 Rc8 28. Re3 c5 29. Bd3 cxd4 30. cxd4 Rc3 31. Nh5 Rxd3 32. Rexd3 gxh5 33. Qxh5 a4 34. Rg3 Kh8 35. Rh3 h6 36. Rg3 Qe8 37. Qg4 Rg8 38. Rf1 Nd8 39. Qe2 Qe7 40. Qe3 Rf8 41. Rf6 Kh7 42. Rxg7+ Kxg7 43. Qxh6+ Kg8 44. Qg5+ Kh7 45. Rh6# 1-0

[Event "Titled Tuesday 2021.01.26"]
[Site "Chess.com INT"]
[Date "2021.01.26"]
[Round "11"]
[White "Grabinsky, Vladimir"]
[Black "Golubka, Petro"]
[Result "0-1"]
[WhiteElo "2219"]
[BlackElo "2471"]
[WhiteFideId "-1"]
[BlackFideId "-1"]
[PlyCount "86"]
[GameId "1611127026876416"]
[EventDate "2021.01.26"]
[EventType "swiss (blitz)"]
[EventRounds "11"]
[EventCountry "NET"]
[SourceTitle "CBM 200 Extra"]
[Source "ChessBase"]
[SourceDate "2021.03.31"]
[SourceVersion "1"]
[SourceVersionDate "2021.03.31"]
[SourceQuality "1"]

1. e4 e5 2. Nf3 Nc6 3. d4 exd4 4. c3 d3 5. Bxd3 d6 6. Nd4 Nf6 7. O-O Be7 8. f4 O-O 9. Nd2 Nd7 10. N2b3 Re8 11. Nxc6 bxc6 12. Na5 Nb8 13. Qf3 Bf8 14. e5 Bd7 15. Be3 a6 16. Rad1 Qc8 17. h3 Be6 18. c4 dxe5 19. fxe5 Nd7 20. Nxc6 a5 21. b3 Ra6 22. Be4 a4 23. Bd5 Rxc6 24. Bxc6 Nxe5 25. Qe4 Nxc6 26. Qxc6 axb3 27. axb3 Bxh3 28. gxh3 Rxe3 29. Qd7 Qxd7 30. Rxd7 Rg3+ 31. Kh2 Rxb3 32. Rfxf7 Bd6+ 33. Kg2 Rc3 34. Rxc7 Bxc7 35. Rxc7 h5 36. h4 Kh7 37. Kf2 Kg6 38. Rc5 Rh3 39. Rg5+ Kh6 40. Rg3 Rh2+ 41. Ke3 Rxh4 42. Kd3 g5 43. c5 Ra4 0-1

[Event "Titled Tuesday 2021.01.19"]
[Site "Chess.com INT"]
[Date "2021.01.19"]
[Round "1"]
[White "Golubka, Petro"]
[Black "Sitnic, Adnan"]
[Result "1/2-1/2"]
[WhiteElo "2471"]
[BlackElo "2219"]
[WhiteFideId "-1"]
[BlackFideId "-1"]
[PlyCount "112"]
[GameId "1608592119549952"]
[EventDate "2021.01.19"]
[EventType "swiss (blitz)"]
[EventRounds "11"]
[EventCountry "NET"]
[SourceTitle "CBM 200 Extra"]
[Source "ChessBase"]
[SourceDate "2021.03.31"]
[SourceVersion "1"]
[SourceVersionDate "2021.03.31"]
[SourceQuality "1"]

1. e4 Nc6 2. Nf3 d6 3. d4 Nf6 4. Bd3 e5 5. c3 Bg4 6. d5 Ne7 7. h3 Bd7 8. c4 Ng6 9. Nc3 h6 10. O-O Nh5 11. Bc2 Nhf4 12. Ne2 Nxe2+ 13. Qxe2 Qf6 14. Ne1 Nf4 15. Bxf4 Qxf4 16. Nd3 Qg5 17. Kh2 Be7 18. g3 h5 19. f4 exf4 20. gxf4 Qh4 21. Qf3 Bg4 22. Qg2 Rh6 23. f5 Bf6 24. Qg3 Qxg3+ 25. Kxg3 Be2 26. Rf2 Bxd3 27. Bxd3 Bd4 28. Rg2 Be5+ 29. Kf3 g6 30. Rag1 Ke7 31. b4 Rg8 32. a4 Bc3 33. Rb1 Rhh8 34. c5 gxf5 35. exf5 Rxg2 36. Kxg2 Rg8+ 37. Kf3 Be5 38. Bf1 Rg3+ 39. Kf2 Ra3 40. a5 Ra2+ 41. Kf3 Ra1 42. Rxa1 Bxa1 43. c6 bxc6 44. dxc6 Bc3 45. b5 Bxa5 46. Ke4 Bd2 47. Be2 Kf6 48. Bxh5 Be1 49. Bf3 Bc3 50. Bh5 Bd2 51. Bf3 Bh6 52. Bh5 Bg5 53. Bg4 Bh6 54. Bh5 Bg5 55. Bg4 Bh4 56. Bh5 Bg5 1/2-1/2

[Event "Titled Tuesday 2021.01.19"]
[Site "Chess.com INT"]
[Date "2021.01.19"]
[Round "2"]
[White "Martynkova, Olena"]
[Black "Golubka, Petro"]
[Result "0-1"]
[WhiteElo "2195"]
[BlackElo "2471"]
[WhiteFideId "-1"]
[BlackFideId "-1"]
[PlyCount "62"]
[GameId "1608592120127488"]
[EventDate "2021.01.19"]
[EventType "swiss (blitz)"]
[EventRounds "11"]
[EventCountry "NET"]
[SourceTitle "CBM 200 Extra"]
[Source "ChessBase"]
[SourceDate "2021.03.31"]
[SourceVersion "1"]
[SourceVersionDate "2021.03.31"]
[SourceQuality "1"]

1. d4 d5 2. Nf3 c6 3. c4 Nf6 4. Nc3 a6 5. a4 h6 6. e3 Bg4 7. Be2 e6 8. O-O Nbd7 9. b3 Bb4 10. Bb2 O-O 11. Rc1 Rc8 12. Nd2 Bf5 13. f3 Bh7 14. e4 c5 15. e5 cxd4 16. exf6 dxc3 17. fxg7 cxb2 18. gxf8=Q+ Nxf8 19. Rb1 Qb6+ 20. Kh1 Qd4 21. Ne4 Qxd1 22. Rbxd1 dxe4 23. fxe4 Bxe4 24. Bd3 Bc6 25. Bc2 Ng6 26. Rd4 f5 27. Bb1 Kf7 28. Rd3 Nh4 29. Rf2 Rg8 30. Rg3 Rd8 31. Rf1 Rd2 0-1